[Event "East Lansing (MI Op/2/25)"]
[Site "?"]
[Date "1995.??.??"]
[Round "?"]
[White "Kende, M."]
[Black "Croel, Duane"]
[Result "1-0"]
[WhiteElo "2015"]
[BlackElo "1835"]
[PlyCount "70"]
[EventDate "1995.??.??"]

{2/(25)} 1. e4 c5 2. Nc3 Nc6 3. Nge2 g6 4. g3 Bg7 5. Bg2 Nf6 6. O-O d6 7. d3
O-O 8. h3 Bd7 9. Be3 a6 10. Qd2 Re8 11. Bh6 Bh8 12. f4 Qa5 13. f5 Nd4 14. Nf4
Bc6 15. g4 Nd7 16. fxg6 hxg6 17. Nfd5 Bxd5 18. exd5 Ne5 19. Qf2 f6 20. Be3 Nb5
21. Ne2 Bg7 22. Be4 Kf7 23. Kg2 Rh8 24. g5 Rhg8 25. gxf6 exf6 26. Bg5 Qd8 27.
Nf4 Nc7 28. Rae1 Qd7 29. Qg3 f5 30. Nxg6 Kxg6 31. Bxf5+ Qxf5 32. Rxf5 Kxf5 33.
Rf1+ Kg6 34. Be3+ Kh7 35. Qh4+ Bh6+ {1-0, ??.} 1-0

[Event "Eastpointe (MCO/4/7)"]
[Site "?"]
[Date "1995.??.??"]
[Round "?"]
[White "Kende, M."]
[Black "Carroll, Deuvoy"]
[Result "0-1"]
[WhiteElo "2040"]
[BlackElo "2130"]
[PlyCount "78"]
[EventDate "1995.??.??"]

{4/(7)} 1. e4 d5 2. exd5 Qxd5 3. Nc3 Qa5 4. d4 c6 5. Bc4 Nf6 6. Nf3 Bg4 7. h3
Qh5 8. Qe2 Nbd7 9. Bf4 e6 10. O-O-O Bxf3 11. gxf3 Qf5 12. Bg3 O-O-O 13. Ne4 Nb6
14. Bb3 Nfd5 15. Bxd5 exd5 16. Nc5 Bxc5 17. dxc5 Nc4 18. Qd3 Qf6 19. c3 Rde8
20. Rde1 Re6 21. Rxe6 Qxe6 22. b3 Ne5 23. Bxe5 Qxe5 24. Qe3 Re8 25. Re1 f6 26.
Kd1 Kd7 27. Qd2 Qxe1+ 28. Qxe1 Rxe1+ 29. Kxe1 Ke6 30. Ke2 Kf5 31. b4 Kg5 32. a4
Kh4 33. b5 a6 34. b6 Kxh3 35. Ke3 h5 36. Kf4 g6 37. Ke3 h4 38. f4 Kg2 39. f5 g5
0-1

[Event "Troy (US Am N/3/15)"]
[Site "?"]
[Date "1995.??.??"]
[Round "?"]
[White "Kelo, R."]
[Black "Wright, Ken"]
[Result "1-0"]
[WhiteElo "2110"]
[BlackElo "1605"]
[PlyCount "79"]
[EventDate "1995.??.??"]

{3/(15)} 1. e4 b6 2. d4 Bb7 3. Bd3 e6 4. Nf3 Nc6 5. c3 d6 6. Bb5 a6 7. Ba4 b5
8. Bc2 h6 9. Qe2 Nf6 10. Nbd2 Be7 11. Nf1 Qd7 12. Bd2 Na5 13. b3 Nc6 14. Ng3
Qd8 15. Bd3 Nh7 16. a4 bxa4 17. Rxa4 Qc8 18. Nh5 Rg8 19. Ng3 g5 20. h3 Nf6 21.
Nh2 Nb8 22. O-O Bc6 23. Ra5 Qb7 24. Re1 Qb6 25. b4 Bb7 26. Rea1 Nc6 27. R5a4
Nb8 28. Be3 Qc6 29. Bd2 Kf8 30. R1a2 Rg6 31. b5 Qb6 32. e5 Nh7 33. Bxg6 fxg6
34. Qd3 Kg7 35. c4 c5 36. Ba5 Qa7 37. b6 Bc6 38. bxa7 Bxa4 39. axb8=Q Rxb8 40.
Rxa4 1-0

[Event "Troy (US Am N/5/5)"]
[Site "?"]
[Date "1995.??.??"]
[Round "?"]
[White "Kelo, R."]
[Black "Schmoldt, J."]
[Result "1-0"]
[WhiteElo "2110"]
[BlackElo "1715"]
[PlyCount "55"]
[EventDate "1995.??.??"]

{5/(5)} 1. e4 a6 2. d4 b5 3. c4 bxc4 4. Bxc4 e6 5. Nc3 Bb7 6. d5 Qc8 7. Bf4 Ne7
8. Rc1 Ng6 9. Bg3 Be7 10. Bb3 Bd8 11. Na4 c6 12. Bd6 Be7 13. Bxe7 Nxe7 14. Nb6
Qd8 15. Nxa8 Bxa8 16. dxe6 fxe6 17. Qd4 O-O 18. Ne2 d5 19. O-O Nd7 20. Qa7 a5
21. Nd4 Rf6 22. exd5 exd5 23. Rfe1 Rf7 24. Ne6 Qc8 25. Nc7 Bb7 26. Nxd5 Nxd5
27. Bxd5 Nb8 28. Qxb7 1-0

[Event "Troy (US Am N/1/3)"]
[Site "?"]
[Date "1995.??.??"]
[Round "?"]
[White "Kelo, R."]
[Black "Barta, Roger"]
[Result "1-0"]
[WhiteElo "2110"]
[BlackElo "1605"]
[PlyCount "53"]
[EventDate "1995.??.??"]

{1/(3)} 1. e4 e6 2. d4 d5 3. Nc3 Bb4 4. exd5 exd5 5. Qf3 Nf6 6. Bd3 Qe7+ 7.
Nge2 Bg4 8. Qe3 Qxe3 9. Bxe3 Bxe2 10. Kxe2 Nc6 11. f3 O-O-O 12. Kf2 Rhe8 13.
Ne2 Kb8 14. c3 Bd6 15. g3 h6 16. g4 Ne7 17. Ng3 c6 18. Rae1 b6 19. h4 c5 20. g5
cxd4 21. Bxd4 Bxg3+ 22. Kxg3 Nh5+ 23. Kg4 g6 24. Bb5 Ng8 25. Rxe8 f5+ 26. Kh3
Nf4+ 27. Kg3 1-0

[Event "Gaylord (NMO/2/8)"]
[Site "?"]
[Date "1995.??.??"]
[Round "?"]
[White "Kelly, J."]
[Black "Vangilder, W."]
[Result "1-0"]
[WhiteElo "1685"]
[BlackElo "1605"]
[PlyCount "28"]
[EventDate "1995.??.??"]

{2/(8)} 1. d4 Nf6 2. e3 d5 3. Bd3 b6 4. c3 Bb7 5. f4 e6 6. Nf3 c5 7. O-O Bd6 8.
Nbd2 Ne4 9. Ne5 Nd7 10. Qf3 Ndf6 11. Bb5+ Ke7 12. g4 Nxd2 13. Bxd2 Bxe5 14.
fxe5 Ne4 1-0

[Event "Gaylord (NMO/4/7)"]
[Site "?"]
[Date "1995.??.??"]
[Round "?"]
[White "Kelly, J."]
[Black "Revnell, Joseph"]
[Result "1-0"]
[WhiteElo "1685"]
[BlackElo "1605"]
[PlyCount "75"]
[EventDate "1995.??.??"]

{4/(7)} 1. d4 d5 2. e3 Nf6 3. Bd3 e6 4. f4 Be7 5. Nf3 b6 6. Nbd2 Bb7 7. O-O
Nbd7 8. c3 c5 9. Ne5 Qc7 10. Qf3 Rf8 11. a4 a6 12. Rb1 c4 13. Bc2 g6 14. g4
O-O-O 15. h3 Ng8 16. e4 Nxe5 17. fxe5 f6 18. exf6 Bxf6 19. Qg2 Bh4 20. e5 Rf7
21. Rxf7 Qxf7 22. Nf3 Be7 23. Bg5 Bc6 24. Rf1 Qe8 25. Qf2 Bxa4 26. Bxa4 Qxa4
27. Bxe7 Nxe7 28. Ng5 Qd7 29. Nf7 Rg8 30. Nd6+ Kc7 31. Qf7 Kc6 32. Qxh7 Qd8 33.
Rf7 Nc8 34. Ra7 Nxd6 35. exd6 Kxd6 36. Qb7 Qc8 37. Qxb6+ Qc6 38. Qb4+ 1-0

[Event "Eastpointe (MCO/4/25)"]
[Site "?"]
[Date "1995.??.??"]
[Round "?"]
[White "Keeley, G."]
[Black "Turner, Keita"]
[Result "0-1"]
[WhiteElo "1605"]
[BlackElo "1900"]
[PlyCount "100"]
[EventDate "1995.??.??"]

{4/(25)} 1. e4 c5 2. Nf3 Nc6 3. d4 cxd4 4. Nxd4 g6 5. f4 Bg7 6. Be3 Nf6 7. Nxc6
bxc6 8. e5 Nd5 9. Bd2 d6 10. c4 Nc7 11. Qa4 O-O 12. Qxc6 Bd7 13. Qe4 dxe5 14.
fxe5 Bf5 15. Qf4 Ne6 16. Qe3 Qc7 17. Bc3 Rfd8 18. Be2 Nc5 19. Nd2 Na4 20. Nf3
Rab8 21. Bd4 Nxb2 22. O-O Na4 23. Ng5 Rxd4 24. Qxd4 Bxe5 25. Qh4 Qc5+ 26. Kh1
h5 27. Bxh5 Bf6 28. Bxg6 Bxg6 29. Qg3 Rb6 30. Ne4 Qxc4 31. Nxf6+ Rxf6 32. Rfc1
Qa6 33. Rab1 Nc3 34. Qxc3 Bxb1 35. Qc8+ Qxc8 36. Rxc8+ Kg7 37. h3 Ra6 38. Rc1
Bxa2 39. Ra1 Bc4 40. Re1 Be6 41. Kg1 Ra2 42. g4 Kf6 43. Rf1+ Kg5 44. Rb1 Kh4
45. Rb7 Kg3 46. Kf1 Bc4+ 47. Ke1 Kxh3 48. Rxe7 Re2+ 49. Rxe2 Bxe2 50. Kxe2 Kxg4
0-1

[Event "Eastpointe (MCO/3/23)"]
[Site "?"]
[Date "1995.??.??"]
[Round "?"]
[White "Keeley, G."]
[Black "Rotberg, Victor"]
[Result "0-1"]
[WhiteElo "1605"]
[BlackElo "1785"]
[PlyCount "96"]
[EventDate "1995.??.??"]

{3/(23)} 1. e4 c5 2. Nf3 d6 3. d4 cxd4 4. Nxd4 Nf6 5. Nc3 a6 6. Be2 Qc7 7. Bg5
Nbd7 8. f4 e6 9. O-O Be7 10. Kh1 b5 11. Bf3 Bb7 12. Qe2 O-O 13. e5 dxe5 14.
fxe5 b4 15. exf6 gxf6 16. Bh6 Kh8 17. Bxb7 Qxb7 18. Bxf8 Rxf8 19. Nf5 Bd8 20.
Nd6 Qc6 21. Nce4 f5 22. Qh5 Ne5 23. Qh6 Rg8 24. Nxf5 Qxe4 25. Ng3 Qc6 26. Qe3
Nc4 27. Qd4+ e5 28. Qe4 Qe6 29. Rf2 Bb6 30. Re2 Rg4 31. Qa8+ Kg7 32. Qf3 Nxb2
33. Nf5+ Kf6 34. Nd4+ Rf4 35. Qxf4+ exf4 36. Nxe6 fxe6 37. Re4 e5 38. Rae1 Bd4
39. h3 h5 40. h4 Kf5 41. Kh2 Nc4 42. R4e2 Kg4 43. Re4 Ne3 44. g3 Kf3 45. Rxd4
fxg3+ 46. Kh3 exd4 47. Rg1 g2 48. Rc1 Nf1 0-1

[Event "Troy (TCC Res/2/16)"]
[Site "?"]
[Date "1995.??.??"]
[Round "?"]
[White "Keeley, G."]
[Black "Poniatowski, T."]
[Result "1-0"]
[WhiteElo "1605"]
[BlackElo "1605"]
[PlyCount "107"]
[EventDate "1995.??.??"]

{2/(16)} 1. e4 d5 2. Nc3 Nf6 3. e5 Ne4 4. Nxe4 dxe4 5. f3 e6 6. Qe2 Nc6 7. Qxe4
Bd7 8. Bb5 a6 9. Bc4 g6 10. d4 f6 11. f4 f5 12. Qe3 Nb4 13. Bb3 Qe7 14. Nf3 Bb5
15. c4 Bxc4 16. Qc3 Bxb3 17. Qxb3 O-O-O 18. O-O Nc6 19. Be3 h6 20. a4 Nb4 21.
Rac1 Nd5 22. Bd2 Qd7 23. Rfd1 Be7 24. Rc4 Nb6 25. Qxb6 c6 26. Ba5 Kb8 27. Rdc1
Rc8 28. Qb3 Bd8 29. Bb4 Be7 30. Nd2 Bxb4 31. Rxb4 Rc7 32. Qc4 a5 33. Rb3 Qd5
34. Qc3 Rd8 35. Nf3 Rdc8 36. Qc4 Rd8 37. Qxd5 Rxd5 38. Rc5 Rxc5 39. dxc5 Rd7
40. h4 Rd5 41. Rc3 Kc7 42. b3 h5 43. Ng5 Kd7 44. g3 Ke7 45. Nh7 Rd4 46. Kf2 Rd8
47. Ke3 Rd1 48. Rd3 Rxd3+ 49. Kxd3 Kd7 50. Kc4 Kc7 51. Nf8 b6 52. Nxe6+ Kb7 53.
Nf8 Kc7 54. cxb6+ 1-0

[Event "Troy (US Am N/4/12)"]
[Site "?"]
[Date "1995.??.??"]
[Round "?"]
[White "Kavalec, J."]
[Black "Libby, Dan"]
[Result "0-1"]
[WhiteElo "1920"]
[BlackElo "1695"]
[PlyCount "54"]
[EventDate "1995.??.??"]

{4/(12)} 1. e4 c5 2. Nf3 Nc6 3. Bb5 a6 4. Bxc6 bxc6 5. O-O g6 6. d4 Bg7 7. c3
cxd4 8. cxd4 d6 9. Nc3 Nf6 10. Bg5 O-O 11. Qd2 Qa5 12. h3 Re8 13. Rfe1 h6 14.
Bxf6 exf6 15. Qf4 Qc7 16. Nd2 Bb7 17. Rac1 Qe7 18. Nc4 Rad8 19. d5 cxd5 20.
exd5 Qxe1+ 21. Rxe1 Rxe1+ 22. Kh2 f5 23. g3 Bxc3 24. bxc3 Bxd5 25. f3 Rde8 26.
g4 R8e2+ 27. Kg3 Rg1+ 0-1

[Event "Troy (US Am N/1/19)"]
[Site "?"]
[Date "1995.??.??"]
[Round "?"]
[White "Kavalec, J."]
[Black "Harris, Do"]
[Result "1-0"]
[WhiteElo "1920"]
[BlackElo "1605"]
[PlyCount "57"]
[EventDate "1995.??.??"]

{1/(19)} 1. e4 c5 2. Nf3 Nc6 3. Bb5 a6 4. Bxc6 dxc6 5. O-O Bg4 6. d3 e5 7. b3
Bd6 8. Bb2 Ne7 9. h3 Bxf3 10. Qxf3 O-O 11. Nd2 b5 12. Qh5 Ng6 13. g3 a5 14. Nf3
f6 15. a4 Qe8 16. Qg4 Qc8 17. Qxc8 Rfxc8 18. Kg2 Rcb8 19. Nd2 Ne7 20. f4 exf4
21. gxf4 f5 22. e5 Bc7 23. Kf3 Nd5 24. c3 Rd8 25. Rae1 Nxc3 26. Bxc3 Rxd3+ 27.
Re3 Rad8 28. Ke2 b4 29. Rxd3 1-0

[Event "Troy (US Am N/5/18)"]
[Site "?"]
[Date "1995.??.??"]
[Round "?"]
[White "Kavalec, J."]
[Black "Hall, K."]
[Result "0-1"]
[WhiteElo "1920"]
[BlackElo "1605"]
[PlyCount "84"]
[EventDate "1995.??.??"]

{5/(18)} 1. e4 e5 2. Nf3 Nc6 3. Bb5 Nd4 4. Nxd4 exd4 5. d3 Bc5 6. O-O g6 7. f4
c6 8. Bc4 a5 9. a4 d5 10. exd5 cxd5 11. Bb5+ Bd7 12. Bxd7+ Qxd7 13. Nd2 Nf6 14.
Re1+ Be7 15. Nf3 O-O 16. Ne5 Qc7 17. Bd2 Rfe8 18. c4 Bd6 19. cxd5 Bxe5 20. fxe5
Rxe5 21. Rf1 Nxd5 22. Rc1 Qe7 23. Qg4 Ne3 24. Qxd4 Nxf1 25. Rxf1 Qc5 26. Qxc5
Rxc5 27. Re1 Rac8 28. Bc3 Rxc3 29. bxc3 Rxc3 30. Rb1 Rxd3 31. Rxb7 Ra3 32. Kf2
Rxa4 33. h3 Ra1 34. g3 a4 35. Kg2 a3 36. Ra7 a2 37. g4 h5 38. Ra6 hxg4 39. hxg4
Kf8 40. Ra7 Ke8 41. Kf2 Kd8 42. Ke2 Rg1 0-1

[Event "Ann Arbor (MLS Jul/3/8)"]
[Site "?"]
[Date "1995.??.??"]
[Round "?"]
[White "Katz, A."]
[Black "Johnson, C(MI)."]
[Result "0-1"]
[WhiteElo "1605"]
[BlackElo "1605"]
[PlyCount "70"]
[EventDate "1995.??.??"]

{3/(8)} 1. Nf3 d5 2. g3 Nc6 3. Bg2 Nf6 4. O-O e5 5. d3 Be7 6. c4 d4 7. Qa4 Bd7
8. Qb3 b6 9. Re1 Bb4 10. Bd2 Qe7 11. Bxb4 Nxb4 12. Nxe5 Bf5 13. Bxa8 O-O 14.
Nc6 Nxc6 15. Bxc6 Qe6 16. Bd5 Qe7 17. Nd2 Re8 18. Ne4 Nxd5 19. cxd5 g6 20. Kg2
Kg7 21. Qa3 Qd7 22. h4 Re5 23. d6 cxd6 24. Qxd6 Bxe4+ 25. dxe4 Qxd6 26. f3 f5
27. f4 Rxe4 28. Rad1 Qd5 29. Kf2 Qc5 30. Kf1 Qc4 31. b3 Qc3 32. Kg2 Re3 33. Rc1
Rxg3+ 34. Kf2 Qe3+ 35. Kf1 Rg1# 0-1

[Event "Detroit (MI Action/4/10)"]
[Site "?"]
[Date "1995.??.??"]
[Round "?"]
[White "Kane, Paul"]
[Black "Zuniga, Jesus"]
[Result "0-1"]
[WhiteElo "1605"]
[BlackElo "1605"]
[PlyCount "74"]
[EventDate "1995.??.??"]

{4/(10)} 1. d4 Nf6 2. c4 g6 3. Nc3 Bg7 4. e4 d6 5. Nf3 O-O 6. Be2 e6 7. O-O c5
8. e5 dxe5 9. dxe5 Nfd7 10. Bg5 Qc7 11. Be7 Re8 12. Bd6 Qb6 13. Rb1 a6 14. Na4
Qa7 15. Re1 Nc6 16. Bd3 Bf8 17. Bxf8 Kxf8 18. Qd2 Kg7 19. h4 Ne7 20. h5 h6 21.
hxg6 fxg6 22. Re4 Qb8 23. Rbe1 b6 24. Rg4 Nf5 25. Nh4 Nxh4 26. Rxh4 Rh8 27. Re3
Nf8 28. Rg3 Qxe5 29. Nxb6 Rb8 30. Nxc8 Rxc8 31. Re4 Qd6 32. Qe3 Rc6 33. Re5 Rg8
34. Rh3 Rh8 35. f4 Nd7 36. Re4 Nf6 37. Re5 Ng4 0-1

[Event "Detroit (WCO/5/4)"]
[Site "?"]
[Date "1995.??.??"]
[Round "?"]
[White "Kane, Paul"]
[Black "Zuniga, Jesus"]
[Result "1-0"]
[WhiteElo "1605"]
[BlackElo "1605"]
[PlyCount "141"]
[EventDate "1995.??.??"]

{5/(4)} 1. d4 Nf6 2. c4 g6 3. Nc3 Bg7 4. e4 d6 5. Be2 O-O 6. Nf3 Bg4 7. O-O
Bxf3 8. Bxf3 Nbd7 9. Be3 e5 10. d5 a6 11. b4 Rc8 12. Be2 c5 13. a3 b6 14. f3
Ne8 15. Rb1 f5 16. Qa4 f4 17. Bf2 Nc7 18. bxc5 bxc5 19. Qa5 Rf7 20. Rb7 Nf6 21.
Rfb1 Nfe8 22. Na4 Ne6 23. Qxa6 Ra8 24. Qc6 Rc8 25. Qb6 Rxb7 26. Qxb7 Rc7 27.
Qb6 Nf8 28. Be1 Nd7 29. Qa5 Nef6 30. Bd1 Bf8 31. Nc3 Rc8 32. Qxd8 Rxd8 33. Nb5
Rb8 34. a4 Kf7 35. a5 Ne8 36. Bc2 Be7 37. a6 Ra8 38. a7 Bd8 39. Ra1 Bb6 40. Ra6
Ke7 41. Ba5 Bxa5 42. Rxa5 Nb6 43. Bb3 Kd7 44. Ra6 Nc8 45. Ba4 Kd8 46. g3 Nc7
47. Nxc7 Kxc7 48. gxf4 Rxa7 49. Rxa7+ Nxa7 50. fxe5 dxe5 51. Kg2 Kd6 52. Kg3
Nc8 53. h4 h6 54. Be8 Ne7 55. Kg4 Kc7 56. f4 exf4 57. Kxf4 Kd8 58. Bf7 g5+ 59.
hxg5 hxg5+ 60. Kxg5 Nc8 61. e5 Nb6 62. d6 Kd7 63. Kf6 Na8 64. Be6+ Ke8 65. Bf5
Nb6 66. e6 Nd7+ 67. Kg7 Ne5 68. Bg6+ Nxg6 69. Kxg6 Kd8 70. Kf6 Kc8 71. e7 1-0

[Event "Detroit (WCO/1/8)"]
[Site "?"]
[Date "1995.??.??"]
[Round "?"]
[White "Kane, Paul"]
[Black "Torres, D."]
[Result "1-0"]
[WhiteElo "1605"]
[BlackElo "1605"]
[PlyCount "71"]
[EventDate "1995.??.??"]

{1/(8)} 1. d4 e6 2. c4 Nc6 3. Nc3 e5 4. d5 Na5 5. e4 Bb4 6. Bd2 b6 7. Nf3 Bd6
8. Be2 Nf6 9. a3 Ba6 10. b3 c6 11. O-O O-O 12. Bg5 h6 13. Bh4 Rb8 14. Qc2 Qe7
15. Qb2 b5 16. cxb5 Bxb5 17. Nxb5 cxb5 18. b4 Nc4 19. Bxc4 bxc4 20. Rac1 Rfc8
21. Rc2 g5 22. Bg3 a5 23. Bxe5 Nxe4 24. Bxd6 Nxd6 25. Qe5 Re8 26. Re1 Kf8 27.
Rce2 f6 28. Qxe7+ Rxe7 29. Rxe7 axb4 30. axb4 Rxb4 31. Rxd7 Nf5 32. g4 Ng7 33.
Ree7 Ne8 34. Nd4 c3 35. Ne6+ Kg8 36. Rxe8# 1-0

[Event "Detroit (MI Action/2/1)"]
[Site "?"]
[Date "1995.??.??"]
[Round "?"]
[White "Kane, Paul"]
[Black "Thompson, Dexter"]
[Result "0-1"]
[WhiteElo "1605"]
[BlackElo "2225"]
[PlyCount "88"]
[EventDate "1995.??.??"]

{2/(1)} 1. d4 Nf6 2. c4 e5 3. dxe5 Ng4 4. Bf4 Nc6 5. Nf3 Bb4+ 6. Nbd2 Qe7 7. e3
Ngxe5 8. Nxe5 Nxe5 9. Be2 Ng6 10. Bg3 O-O 11. O-O a5 12. a3 Bc5 13. Nb3 Bb6 14.
Rc1 d6 15. Nd4 a4 16. Nb5 Bd7 17. Nxd6 Bxe3 18. fxe3 cxd6 19. Bxd6 Qxe3+ 20.
Kh1 Rfe8 21. Bf3 Bc6 22. Rc3 Qb6 23. Bb4 Rad8 24. Rd3 Ne5 25. Rxd8 Rxd8 26. Bd5
Nxc4 27. Bxf7+ Kh8 28. Qe2 Ne3 29. Rg1 Qd4 30. Bc3 Qf4 31. Bh5 Nd5 32. Qg4 Qxg4
33. Bxg4 Nxc3 34. bxc3 Rd2 35. Bf3 Bxf3 36. gxf3 Ra2 37. Rc1 Rxa3 38. Kg2 b5
39. Kg3 Rb3 40. h4 a3 41. c4 b4 42. c5 Rc3 43. Rxc3 bxc3 44. c6 c2 0-1

[Event "Ann Arbor (HVA/4/5)"]
[Site "?"]
[Date "1995.??.??"]
[Round "?"]
[White "Kane, Paul"]
[Black "Skidmore, Mike"]
[Result "0-1"]
[WhiteElo "1630"]
[BlackElo "1950"]
[PlyCount "126"]
[EventDate "1995.??.??"]

{4/(5)} 1. d4 d5 2. c4 c6 3. Nc3 Nf6 4. Nf3 e6 5. a3 Nbd7 6. Bf4 dxc4 7. e4 Nb6
8. Ne5 Bd6 9. Qd2 Bxe5 10. Bxe5 O-O 11. Rd1 Qe7 12. Be2 Rd8 13. Qf4 Rd7 14. O-O
Ne8 15. Qg3 f6 16. Bf4 Nd6 17. Bxd6 Rxd6 18. e5 fxe5 19. dxe5 Rxd1 20. Rxd1 Bd7
21. Rd4 c5 22. Rf4 Rd8 23. Ne4 Nd5 24. Rh4 b5 25. Bh5 Be8 26. Bxe8 Qxe8 27. Nd6
Qe7 28. Qh3 g6 29. Qg4 a6 30. Rh3 Rf8 31. Rf3 Rxf3 32. Qxf3 Kg7 33. g3 Qf8 34.
Qe2 Ne7 35. f4 Nf5 36. Qf3 Nxd6 37. exd6 Qxd6 38. Qb7+ Kh6 39. Qf3 Qd4+ 40. Kf1
Qd3+ 41. Qe2 g5 42. fxg5+ Kxg5 43. h4+ Kf5 44. g4+ Kf4 45. g5 Qxe2+ 46. Kxe2
Kg4 47. Ke3 Kxh4 48. Kf4 e5+ 49. Kxe5 Kxg5 50. Kd5 h5 51. Kxc5 h4 52. Kb6 h3
53. Kxa6 h2 54. Kxb5 h1=Q 55. Kxc4 Qc1+ 56. Kb3 Kf5 57. Ka2 Qc4+ 58. Ka1 Qb3
59. Kb1 Ke4 60. Ka1 Kd3 61. Kb1 Kd2 62. a4 Qc2+ 63. Ka2 Kc1 0-1

[Event "Detroit (WCO/3/8)"]
[Site "?"]
[Date "1995.??.??"]
[Round "?"]
[White "Kane, Paul"]
[Black "Parker, Dea"]
[Result "1-0"]
[WhiteElo "1605"]
[BlackElo "1605"]
[PlyCount "113"]
[EventDate "1995.??.??"]

{3/(8)} 1. d4 Nf6 2. c4 d6 3. Nc3 g6 4. e4 Bg7 5. Nf3 O-O 6. Be2 c5 7. d5 Bg4
8. O-O Nbd7 9. h3 Bxf3 10. Bxf3 Ne5 11. Be2 a6 12. f3 Nfd7 13. f4 Nxc4 14. Bxc4
Bxc3 15. bxc3 Nf6 16. Qc2 b5 17. Be2 Rc8 18. c4 b4 19. e5 Nd7 20. Bg4 Rb8 21.
exd6 exd6 22. Bb2 Nf6 23. Bxf6 Qxf6 24. f5 g5 25. Rae1 a5 26. Re3 Qd4 27. Rff3
Rbe8 28. Kf2 Rxe3 29. Rxe3 Re8 30. Qe2 Qf4+ 31. Bf3 Rxe3 32. Qxe3 Qd4 33. Qxd4
cxd4 34. Bd1 Kg7 35. g4 Kf6 36. Kf3 Ke5 37. Bc2 f6 38. Ba4 d3 39. Ke3 d2 40.
Kxd2 Kf4 41. Bd1 Kg3 42. Kd3 Kxh3 43. Kd4 a4 44. c5 dxc5+ 45. Kxc5 b3 46. a3 b2
47. Bc2 Kxg4 48. d6 h5 49. d7 h4 50. d8=Q h3 51. Qxf6 h2 52. Qc6 Kg3 53. f6 Kh3
54. f7 g4 55. f8=Q g3 56. Qfh6+ Kg4 57. Qe4# 1-0

[Event "Troy (US Am N/2/31)"]
[Site "?"]
[Date "1995.??.??"]
[Round "?"]
[White "Kane, Paul"]
[Black "Munsell, T."]
[Result "1-0"]
[WhiteElo "1605"]
[BlackElo "1605"]
[PlyCount "101"]
[EventDate "1995.??.??"]

{2/(31)} 1. d4 d5 2. c4 e6 3. Nc3 Nf6 4. Bg5 Nbd7 5. cxd5 exd5 6. Nf3 Be7 7. e3
O-O 8. Bd3 h6 9. Bh4 c6 10. Qc2 Qc7 11. O-O Bd6 12. Rab1 Ng4 13. Bg3 Ngf6 14.
Bxd6 Qxd6 15. b4 a6 16. a4 b5 17. Rfc1 Bb7 18. Nd2 Ng4 19. g3 g6 20. Ne2 h5 21.
Nf3 Qf6 22. Kg2 Kg7 23. h3 Nh6 24. Nh4 Rfe8 25. Rg1 Nf8 26. Nf4 Kh8 27. Rbf1
Qd6 28. Nf3 Qxb4 29. axb5 axb5 30. Ne5 Qd6 31. g4 hxg4 32. hxg4 Kg7 33. Rh1 Ng8
34. g5 Rac8 35. Rh8 Kxh8 36. Nxf7+ Kg7 37. Nxd6 Rb8 38. Nxe8+ Rxe8 39. Nxg6
Nxg6 40. Bxg6 Re6 41. Bh7 Ne7 42. Rh1 c5 43. Qxc5 b4 44. Qxb4 Bc8 45. Rh6 Nf5
46. Rxe6 Bxe6 47. Bxf5 Bxf5 48. Qb7+ Kg6 49. Qxd5 Kxg5 50. e4 Kf4 51. Qxf5# 1-0

[Event "East Lansing (MOR/6/20)"]
[Site "?"]
[Date "1995.??.??"]
[Round "?"]
[White "Kane, Paul"]
[Black "Marson, Michael"]
[Result "0-1"]
[WhiteElo "1605"]
[BlackElo "1605"]
[PlyCount "94"]
[EventDate "1995.??.??"]

{6/(20)} 1. d4 e6 2. c4 Nf6 3. Nc3 Bb4 4. Qc2 c5 5. a3 Qa5 6. dxc5 Bxc3+ 7.
bxc3 Na6 8. Bd2 Qxc5 9. g3 O-O 10. Bg2 Qxc4 11. Nf3 d5 12. Ne5 Qc7 13. f4 Bd7
14. a4 b6 15. O-O Nc5 16. Rfd1 Rac8 17. Be3 Nce4 18. Bd4 b5 19. Nxd7 Qxd7 20.
axb5 Qxb5 21. Rdb1 Qc6 22. Rb3 a6 23. Rb6 Qc4 24. Rb4 Qc6 25. Rb6 Qc4 26. Rb4
Qc7 27. Be5 Qa7+ 28. Bd4 Qc7 29. Be5 Qc6 30. Bd4 Nxc3 31. Bxf6 Qc5+ 32. Rd4
gxf6 33. e3 e5 34. fxe5 fxe5 35. Rd3 e4 36. Rd4 a5 37. Bf1 a4 38. Kf2 Rc6 39.
Qd2 a3 40. Rc1 Rb8 41. Rc2 Nd1+ 42. Qxd1 Qxc2+ 43. Be2 Rb2 44. Rxd5 Qxd1 45.
Rxd1 Rcc2 46. Ra1 Rxe2+ 47. Kg1 a2 0-1

[Event "Ann Arbor (Mini-Swiss/1/2)"]
[Site "?"]
[Date "1995.??.??"]
[Round "?"]
[White "Kane, Paul"]
[Black "Koster, Ed"]
[Result "0-1"]
[WhiteElo "1605"]
[BlackElo "2100"]
[PlyCount "102"]
[EventDate "1995.??.??"]

{1/(2)} 1. d4 Nf6 2. c4 g6 3. Nc3 d5 4. Qb3 dxc4 5. Qxc4 Bg7 6. Nf3 O-O 7. Bf4
Na6 8. e4 c5 9. Rd1 cxd4 10. e5 Ng4 11. Rxd4 Qa5 12. Qb5 Qxb5 13. Nxb5 Be6 14.
h3 Nh6 15. b3 Rfc8 16. Be2 Nc7 17. Nxc7 Rxc7 18. O-O Nf5 19. Rd2 Rd7 20. Rfd1
Rad8 21. g4 Rxd2 22. Rxd2 Rxd2 23. Bxd2 Nh6 24. Bc3 f5 25. exf6 exf6 26. Nd2 f5
27. Bxg7 Kxg7 28. g5 Nf7 29. f4 Nd6 30. Kf2 Bd5 31. Ke3 Kf7 32. Kd4 Ke6 33. a4
b6 34. Bf3 Bxf3 35. Nxf3 Ne4 36. Ne5 Nf2 37. h4 Kd6 38. b4 Nh3 39. Nd3 Ng1 40.
Ne5 Ne2+ 41. Ke3 Nc3 42. Kd4 Nxa4 43. Nc4+ Ke6 44. Ne3 Kd6 45. Nc4+ Kc6 46. Ne3
a5 47. h5 axb4 48. hxg6 hxg6 49. Kc4 Nc3 50. Kxb4 Nd5+ 51. Nxd5 Kxd5 0-1

[Event "Ann Arbor (HVA/2/4)"]
[Site "?"]
[Date "1995.??.??"]
[Round "?"]
[White "Kane, Paul"]
[Black "Jendras, Gerard"]
[Result "1-0"]
[WhiteElo "1630"]
[BlackElo "1930"]
[PlyCount "109"]
[EventDate "1995.??.??"]

{2/(4)} 1. d4 d5 2. c4 dxc4 3. Nc3 e5 4. Nf3 exd4 5. Qxd4 Qxd4 6. Nxd4 Bc5 7.
Ndb5 Na6 8. Bf4 c6 9. Nc7+ Nxc7 10. Bxc7 Be6 11. e3 Nf6 12. Be5 Be7 13. Be2 O-O
14. O-O Rfd8 15. Rfd1 b5 16. Bf3 Nd5 17. a3 Rac8 18. Ne2 f6 19. Bg3 c5 20. e4
Nb6 21. Nc3 a6 22. Rxd8+ Bxd8 23. Rd1 b4 24. axb4 cxb4 25. Nd5 Nxd5 26. exd5
Bd7 27. Be2 Kf7 28. Rc1 Bb5 29. Bg4 Rc5 30. Be6+ Ke8 31. Bd6 Be7 32. Bxc5 Bxc5
33. d6 Bxd6 34. Bxc4 Bxc4 35. Rxc4 Kd7 36. h3 a5 37. b3 f5 38. Kf1 Ke6 39. Ke2
Kd5 40. Kd3 Bc5 41. f3 g5 42. g4 f4 43. Re4 Bb6 44. Re7 h6 45. Rh7 Kc5 46. Rxh6
Kb5 47. Rg6 Bd8 48. Rd6 Be7 49. Rd5+ Kb6 50. Kc4 Ka6 51. Re5 Bd8 52. Re6+ Kb7
53. Kb5 Ka7 54. Ra6+ Kb7 55. Rxa5 1-0

[Event "Troy (US Am N/4/31)"]
[Site "?"]
[Date "1995.??.??"]
[Round "?"]
[White "Kane, Paul"]
[Black "Jackson, K."]
[Result "1-0"]
[WhiteElo "1605"]
[BlackElo "1605"]
[PlyCount "81"]
[EventDate "1995.??.??"]

{4/(31)} 1. d4 e6 2. c4 d5 3. Nc3 c5 4. cxd5 exd5 5. Nf3 Nf6 6. Bg5 Nc6 7. e3
Be6 8. Be2 Be7 9. O-O O-O 10. Rc1 Ne4 11. Bxe7 Qxe7 12. a3 Nxc3 13. Rxc3 c4 14.
Qb1 Bg4 15. Re1 Bxf3 16. Bxf3 Qg5 17. b4 a6 18. b5 Ne7 19. bxa6 bxa6 20. e4
Rab8 21. Qc1 Qxc1 22. Rcxc1 Rfc8 23. exd5 Nf5 24. Bg4 g6 25. Rc3 Rb3 26. Rec1
Rc7 27. Rxb3 Nxd4 28. Rbc3 Re7 29. d6 Re5 30. Rxc4 Nb3 31. Rd1 Nd2 32. Rc8+ Kg7
33. d7 Nb3 34. d8=Q a5 35. Qh8+ Kh6 36. Qxe5 a4 37. Rg8 Nd2 38. h4 Nf3+ 39.
Bxf3 f6 40. Qf4+ g5 41. Qxf6# 1-0

[Event "East Lansing (MOR/2/1)"]
[Site "?"]
[Date "1995.??.??"]
[Round "?"]
[White "Kane, Paul"]
[Black "Horton, Deon"]
[Result "1-0"]
[WhiteElo "1605"]
[BlackElo "1795"]
[PlyCount "127"]
[EventDate "1995.??.??"]

{2/(1)} 1. d4 Nf6 2. c4 g6 3. Nc3 Bg7 4. e4 d6 5. Nf3 O-O 6. Be2 Nbd7 7. O-O e5
8. d5 Nc5 9. Nd2 a5 10. b3 Ne8 11. Rb1 f5 12. f3 Nf6 13. a3 b6 14. b4 axb4 15.
axb4 Ncd7 16. Nb3 f4 17. c5 bxc5 18. bxc5 Nh5 19. cxd6 cxd6 20. Bd2 Ndf6 21.
Qc2 Rb8 22. Rfc1 Bd7 23. Be1 g5 24. Nd2 Qc7 25. Nb5 Qxc2 26. Rxc2 Bxb5 27. Bxb5
Rf7 28. Nc4 Bf8 29. Rcb2 Nd7 30. Bc6 Rxb2 31. Rxb2 Nc5 32. Rb8 Ra7 33. Ra8 Rxa8
34. Bxa8 Nf6 35. Bc6 Nd3 36. Bd2 Kf7 37. Kf1 g4 38. Ke2 gxf3+ 39. gxf3 Nc5 40.
Bb4 Ncd7 41. Bxd6 Bxd6 42. Nxd6+ Ke7 43. Nf5+ Kd8 44. Kd3 Nc5+ 45. Kc4 Ncxe4
46. fxe4 Nxe4 47. d6 Nf6 48. Kd3 Kc8 49. h3 Kd8 50. Nh6 Kc8 51. Nf7 Nd7 52. Ke4
Nb8 53. Bb5 Nd7 54. Nxe5 Nxe5 55. Kxe5 f3 56. Ke6 Kd8 57. d7 f2 58. h4 h5 59.
Be2 Kc7 60. Ke7 Kb7 61. d8=Q f1=Q 62. Bxf1 Ka7 63. Qc7+ Ka8 64. Bg2# 1-0